000 01160nam2a22003011 4500
001 rc\3825421
005 20120410182640.8
021 _aRU
_b[83-76500]
035 _a(NLR Aleph) 007277488
090 _a5474341
_c5474341
100 _a20120410d1983 |||y0rusy50 ca
101 0 _arus
102 _aRU
_aRU
105 _ay z |||||
200 0 _a... на 1984 год
_f[Составители И.И. Автухова, Б.С. Коган]
210 _d1983
215 _a71 с.
225 1 _aМетодические материалы в помощь лектору
_fВсесоюз. о-во "Знание", Центр. политехн. библиотека
300 _aИзд. выходит с 1978 г.
320 _aБиблиогр.: с. 71 (10 назв.)
461 0 _1001rc\2660797
_12001#$aЕжегодник хлебооборота ...$fОтв. ред. М.А. Чернов$gРед. А.Б. Черноморский$v... на 1984 год
702 1 _aАвтухова
_bИ. И.
_4220
702 1 _aКоган
_bБ. С.
_4220
801 0 _aRU
_bNLR
_gpsbo
801 1 _aRU
_bELAR
_2rusmarc
852 _aNLR
_j77-4/18262
942 _cBOOK
980 _aNB